000
00213 a2200097 4500
001
11013
100
_a
Muhammad Ismail Saddique
245
_a
Aina-e-Baluchistan
260
_a
_b
Wajid Alia
_c
090
_c
8581
_d
8581
942
_a
NUST-CAE
_c
M
_c
35357
999
_c
246086
_d
246086